• 首页
  • 本馆介绍
  • 公告通知
  • 最新文献
  • 馆藏检索
  • 电子资源
  • 读者导购
  • 参考咨询
  • 我的图书馆
  • 登录
  • 详细信息显示
  • 放入我的书架
  • 预约/预借图书
  • 作者相关作品
  • 分类相关作品
  • 丛书相关作品
  • 出版社相关作品

书目信息

  • 表格格式
  • 工作单格式
  • 卡片格式
题名:
蒲鲁东和蒲鲁东主义
    
 
作者: 陈汉楚 著
分册:  
出版信息: 南京   江苏人民出版社  1981.3
页数: 60页
开本: 19cm
丛书名:
单 册:
中图分类: D121
科图分类:
主题词: 国际共产主义运动
电子资源:
ISBN:
000 00584nam0 2200205 45
001 0212111433
005 20060818163815.37
010    @dCNY0.17
091    @a3100.209
100    @a20021211d1981 km y0chiy0120 ea
101 0  @achi
200 1  @a蒲鲁东和蒲鲁东主义@APu Lu Dong He Pu Lu Dong Zhu Yi@f陈汉楚著@FChen Han Chu Zhu
210    @a南京@c江苏人民出版社@d1981.3
215    @a60页@d19cm
300    @a附录:比埃尔·约瑟夫·蒲鲁东年表
606 0  @a国际共产主义运动
690    @aD121@v3
701  0 @a陈汉楚@4著
801    @aCN@bTSTC@c20060818
905    @dD121@e2@f1@b68355@b68357-358@f2
    
    蒲鲁东和蒲鲁东主义/陈汉楚著.-南京:江苏人民出版社,1981.3
    60页;19cm
    附录:比埃尔·约瑟夫·蒲鲁东年表
    
    ISBN :CNY0.17
    
●
相关链接 在E读中查询图书 在五车中查询图书 在当当中查询图书 在豆瓣中查询图书


正题名:蒲鲁东和蒲鲁东主义     索取号:D121/2         预约/预借

序号 登录号 条形码 馆藏地/架位号 状态 备注
1 0068354   001011345   密集书库/ [索取号:D121/2] 在馆    
2 0068355   001009731   第一借阅区/ [索取号:D121/2] 在馆    
3 0068356   001011336   第一借阅区/ [索取号:D121/2] 在馆    
4 0068357   001009722   第一借阅区/ [索取号:D121/2] 在馆    
5 0068358   001009740   第一借阅区/ [索取号:D121/2] 在馆    
6 0230383   001737730   密集书库/ [索取号:D121/2] 在馆    
7 0230384   001737776   密集书库/ [索取号:D121/2] 在馆    
8 0230385   001737810   密集书库/ [索取号:D121/2] 在馆    
9 0469236   204692369   密集书库/ [索取号:D121/2] 在馆    
唐山师范学院图书馆 欢迎您!
大连网信软件有限公司© 版权所有